| 000 | 00438nam a2200181Ia 4500 | ||
|---|---|---|---|
| 005 | 20251020182600.0 | ||
| 008 | 200515s9999 xx 000 0 und d | ||
| 082 | _aSC/331:376.2/4/C48 | ||
| 110 | _aCiat | ||
| 245 | 0 | _aMinusválidos y administración del trabajo : Documentos Internacionales | |
| 260 | _aLima | ||
| 260 | _c1980 | ||
| 300 | _a269 | ||
| 650 | _aEMPLEO | ||
| 650 | _aMINUSVALIDOS | ||
| 650 | _aPUB OIT | ||
| 942 | _cLIB | ||
| 999 |
_c3037 _d3037 |
||